|
|
|
|
| LEADER |
00729nam a2200229 i 4500 |
| 001 |
acta38756 |
| 005 |
20210910110404.0 |
| 008 |
161201s1997 hu o 0|| ger d |
| 020 |
|
|
|a 963 0481 881 1
|
| 022 |
|
|
|a 0133-4239
|
| 040 |
|
|
|a SZTE Egyetemi Kiadványok Repozitórium
|b hun
|
| 041 |
|
|
|a ger
|
| 041 |
|
|
|a tur
|
| 100 |
1 |
|
|a Rybatzki Volker
|
| 245 |
1 |
4 |
|a Die Tonuquq-Inschrift
|h [elektronikus dokumentum] /
|c Rybatzki Volker
|
| 260 |
|
|
|a JATE
|b Szeged
|c 1997
|
| 300 |
|
|
|a 130 p.
|c 24 cm
|
| 490 |
0 |
|
|a Studia uralo-altaica
|v 40
|
| 650 |
|
4 |
|a Bölcsészettudományok
|
| 650 |
|
4 |
|a Nyelvek és irodalom
|
| 695 |
|
|
|a Feliratok - ótörök - Mongólia
|
| 856 |
4 |
0 |
|u http://acta.bibl.u-szeged.hu/38756/1/altaica_040.pdf
|z Dokumentum-elérés
|